| 000 | 01210cam a22003131i 4500 | ||
|---|---|---|---|
| 001 | sa 68012194 | ||
| 003 | DLC | ||
| 005 | 20260227112607.0 | ||
| 008 | 770725s1967 ii ab b 000 0 fre | ||
| 010 | _asa 68012194 | ||
| 035 | _a(OCoLC)3138851 | ||
| 040 |
_aDLC _cAzTeS _dDLC |
||
| 041 | 0 |
_afre _bengfre |
|
| 042 | _apremarc | ||
| 043 | _aas----- | ||
| 050 | 0 | 0 |
_aQ2 _b.I485 t. 3, fasc. 4 |
| 100 | 1 |
_aGaussen, Henri, _d1891- |
|
| 245 | 1 | 0 |
_aBioclimats du sud-est asiatique _cpar H. Gaussen, P. Legris [et] F. Blasco. Avec la collaboration de J. P. Barry, V. M. Meher Homji [et] J. P. Troy. |
| 260 |
_aPondichéry, _bImprimerie de la Mission, _c1967. |
||
| 300 |
_a114 p. _billus., maps (1 fold.) _c25 cm. |
||
| 490 | 1 |
_aInstitut français de Pondichéry. Travaux de la section scientifique et technique, _vt. 3, fasc. 4 |
|
| 504 | _aBibliography: p. [96]-104. | ||
| 500 | _aAccompanied by fold. col. map. | ||
| 650 | 0 |
_aBioclimatology _zSoutheast Asia. |
|
| 651 | 0 |
_aSoutheast Asia _xClimate. |
|
| 700 | 1 |
_aLegris, P., _ejoint author. |
|
| 700 | 1 |
_aBlasco, François, _ejoint author. |
|
| 810 | 2 |
_aInstitut français de Pondichéry. _bSection scientifique et technique. _tTravaux ; _vt. 3, fasc. 4. |
|
| 999 |
_c84372 _d84372 |
||